000 00207 a2200097 4500
001 7066
100 _aMahmood, S
245 _aFounders of Pakistan
260 _a
_bPublishers united
_c
090 _c5836
_d5836
942 _aNUST-CAE
_cM
_c32307
999 _c242139
_d242139